|
|
|
|
| LEADER |
00000nam0a2200000 4500 |
| 001 |
279220 |
| 005 |
20231101235205.0 |
| 035 |
|
|
|a (RuTPU)RU\TPU\book\302498
|
| 090 |
|
|
|a 279220
|
| 100 |
|
|
|a 20141217d1985 k y0rusy50 ca
|
| 101 |
0 |
|
|a rus
|
| 102 |
|
|
|a RU
|
| 105 |
|
|
|a a z 001zy
|
| 200 |
1 |
|
|a Геохимические и геофизические методы поисков рудных месторождений на Северо-Востоке СССР
|e сборник научных трудов
|f Академия наук СССР (АН СССР), Дальневосточное отделение (ДВО), Северо-Восточный комплексный научно-исследовательский институт (СВКНИИ) ; под ред. Н. А. Шило
|
| 210 |
|
|
|a Магадан
|c Изд-во ДВНЦ АН СССР
|d 1985
|
| 215 |
|
|
|a 180 с.
|c ил.
|
| 320 |
|
|
|a Библиография в конце статей
|
| 606 |
1 |
|
|a Рудные месторождения
|x Поиски и разведка
|x Геохимические методы
|2 stltpush
|3 (RuTPU)RU\TPU\subj\25960
|9 49991
|
| 610 |
1 |
|
|a прогнозные ресурсы
|
| 610 |
1 |
|
|a геохимическая зональность
|
| 610 |
1 |
|
|a прогнозирование
|
| 610 |
1 |
|
|a мерзлые отложения
|
| 610 |
1 |
|
|a геофизические методы
|
| 610 |
1 |
|
|a эндогенное оруденение
|
| 675 |
|
|
|a 553.3/4:550.84
|v 4
|
| 702 |
|
1 |
|a Шило
|b Н. А.
|4 340
|
| 712 |
0 |
2 |
|a Академия наук СССР (АН СССР)
|b Дальневосточное отделение (ДВО)
|b Северо-Восточный комплексный научно-исследовательский институт (СВКНИИ)
|c (Магадан)
|2 stltpush
|3 (RuTPU)RU\TPU\col\12547
|
| 801 |
|
1 |
|a RU
|b 63413507
|c 20141217
|
| 801 |
|
2 |
|a RU
|b 63413507
|c 20170417
|g RCR
|
| 942 |
|
|
|c BK
|